Province italiane più ad Ovest - Statistics

Statistiche generali
  • Questo quiz è stato fatto 61 volte
  • Il punteggio medio è 13 su 15
Statistiche sulle risposte
Longitudine punto regionale più ad Ovest Provincia % Corretto
6°37′36″E Città metropolitana di Torino
96%
6°48′03″E Provincia di Aosta
96%
8°06′30″E Provincia di Alessandria
94%
6°51′13″E Provincia di Cuneo
94%
7°53′01″E Provincia di Asti
92%
7°40′24″E Provincia di Imperia
92%
7°58′39″E Provincia di Savona
90%
8°18′36″E Provincia di Novara
88%
7°51′41″E Provincia di Vercelli
88%
7°52′06″E Provincia del Verbano-Cusio-Ossola
86%
8°07′51″E Provincia di Sassari
86%
7°52′55″E Provincia di Biella
82%
8°22′36″E Provincia di Oristano
82%
8°12′27″E Provincia del Sud Sardegna
74%
8°29′52″E Provincia di Pavia
64%
Nessun quiz corrispondente trovato
Distribuzione punteggi
Percentuale di utenti per punteggio
Percentile per numero di risposta
I tuoi punteggi nel tempo
Non hai fatto questo quiz